|
|
|
|
| LEADER |
00643nam a22001577a 4500 |
| 005 |
20160323130344.0 |
| 008 |
091118t xxu||||| |||| 00| 0 eng d |
| 082 |
|
|
|a 660
|b AYE
|
| 100 |
|
|
|a Ayers, William, Mclean
|9 8855
|
| 245 |
|
|
|a Copper phthalocyanine photoelectrochemistry:
|b optimisation of electron transfer kinetics through an investigation of solid-state electrochemical properties
|
| 300 |
|
|
|a 201p.
|
| 653 |
|
|
|a Chemical engineering
|
| 942 |
|
|
|c BK
|6 _
|
| 260 |
|
|
|a Pennsylvania
|b University of Pennsylvania
|c 1980
|
| 999 |
|
|
|c 156389
|d 156389
|
| 952 |
|
|
|0 0
|1 0
|2 ddc
|4 0
|6 660_AYE
|7 0
|9 204533
|a DAC
|b DAC
|d 2009-11-18
|o 660 AYE
|p CHE1660
|r 2009-11-18
|w 2009-11-18
|y BK
|